Vitamin Names 💊 (Click Quiz) - Statistics

General Stats
  • This quiz has been taken 207 times
  • The average score is 5 of 13
Answer Stats
Hint Answer % Correct
ascorbic acid, ascorbates C
66%
retinol, retinyl esters, β-carotene A
63%
cobalamins B12
44%
thiamine B1
43%
riboflavin B2
42%
calciferols D
39%
niacin B3
37%
pyridoxine B6
35%
folic acid, folates B9
35%
pantothenic acid B5
34%
phylloquinones, menaquinones, menadiones K
33%
biotin B7
27%
tocopherols, tocotrienols E
26%
No matching quizzes found
Score Distribution
Percent of People with Each Score
Percentile by Number Answered
Your Score History
You have not taken this quiz